Ο παραλογισμός της αγάπης

Αποθηκεύτηκε σε:
Λεπτομέρειες βιβλιογραφικής εγγραφής
Κύριος συγγραφέας: Parijat
Άλλοι συγγραφείς: Λέκκου-Δάντου, Ρένα (trlf)
Μορφή: Βιβλίο
Γλώσσα:Greek
French
Δημοσίευση: Αθήνα : Νέα Σύνορα, 1999.
Σειρά:Ξένη λογοτεχνία (Νέα Σύνορα)
Θέματα:
Ετικέτες: Προσθήκη ετικέτας
Δεν υπάρχουν, Καταχωρήστε ετικέτα πρώτοι!

MARC

LEADER 00000cam a2200000 i 4500
001 1/19815
008 010629s1999 gr | ||| |||| ||gre||
020 |a 9601400087  
035 |l 10066989 
040 |a GR-MyUA  |b gre  |e AACR2 
041 1 |a gre  |h fre 
082 7 |a 891.49   |2 (22) 
100 1 |a Parijat. 
245 1 2 |a Ο παραλογισμός της αγάπης /   |c Παριγιάτ ; μετάφραση απο τα γαλλικά Ρένα Λέκκου-Δάντου.  
260 |a Αθήνα :   |b Νέα Σύνορα,   |c 1999.  
300 |a 213 σ. ;   |c 22 εκ. 
490 1 |a (Ξένη λογοτεχνία / Νέα Σύνορα)  
500 |a Τίτλος πρωτοτύπου: La fleur bleue du jacaranda.  
650 0 0 |a Nepali fiction. 
700 1 |a Λέκκου-Δάντου, Ρένα,  |e trlf 
830 0 |a Ξένη λογοτεχνία (Νέα Σύνορα) 
852 |a INST  |b SAMOS  |e 20010629  |h 891.49 PAR  |p 005300021994  |q 005300021994  |t BK  |y 0 
901 |a BIBL3-2001-2 
909 |a Σ  |b 081922 
970 |a ΠΟΥΡΝΑΡΑΣ  |b ΔΗΜΗΤΡΗΣ  |z 2001/06/29